| 000 | 00582cab a2200217 4500 | ||
|---|---|---|---|
| 001 | WB3408-10 | ||
| 008 | 090401t1998 xxu||||| |||| 00| 0 eng d | ||
| 035 | _a(Sirsi) u84526 | ||
| 041 | _aeng | ||
| 245 | _aScotland - new European region | ||
| 260 | _c1998 | ||
| 350 | _a0 | ||
| 490 |
_aScottish Office News Release _v0313/98 21 February 1998 (3) |
||
| 520 | _aConsiders Scotland`s role in Europe after devolution. | ||
| 650 | _aDEVOLUTION | ||
| 650 | _aREGIONAL ASSEMBLIES | ||
| 650 | _aSCOTLAND | ||
| 690 | _aECONOMIC AND SOCIAL | ||
| 942 | _n0 | ||
| 948 | _c26/02/1998 | ||
| 999 |
_c53118 _d53118 |
||